1238 1627 1783 1941 1341 1782 1791 1049 1197 1387 1079 1254 1216 1305 1242 1501 1828 1650 1918 1006 1464 1950 1059 1888 1087 1218 1622 1121 1876 1208 1798 1599 1837 1235 1839 1012 1030 1558 1962 1346 1721 1215 1037 1179 1763 1031 1097 1185 1879 1689 1663 1020 1664 1783 1023 1673 1693 1085 1224 1644 1653 1547 1305 1685 1154 1902 1074 1510 1499 1363 1422 1266 1925 1846 1617 1135 1164 1020 1416 1653 1078 1387 1475 1892 1190 1496 1291 1727 1114 1364 1061 1001 1182 1694 1728 1168 1901 1960 1452 BCNSPRNW ULIB Ver.6.0+V

เปลี่ยนเป็นภาษาไทย

Change to English
 แสดงรายละเอียดบรรณานุกรม
  กลับหน้าหลัก

Brief Record : Get Marc (ISO 2709) : E-mail record : QR code < ปิดหน้าต่าง
LEADER : 00000nam 2200000uu 4500
001    13399121176
003     ULIB
008    121108s||||||||th 000 0 tha d
020    ^a9789748460314
050  4 ^aLB1027^bช851ก 2550
100 0  ^aไชย ณ พล อัครศุภเศรษฐ์
245 10 ^aการสร้างสรรค์นวัตการ :^bศักยภาพการแข่งขันสู่โลกอนาคต = Creativity & innovation /^cไชย ณ พล อัครศุภเศรษฐ์
246 31 ^aCreativity & innovation
246 34 ^aการสร้างสรรค์นวัตการ :^bเพื่อศักยภาพการแข่งขันสู่โลกอนาคต
260    ^aกรุงเทพฯ :^bเคล็ดไทย,^c2550
300    ^a135 หน้า :^bภาพประกอบ ;^c21 ซม.
650  7 ^aนวัตกรรมทางเทคโนโลยี
945    ^p199^l0^i15251
995    ^aวิภา
999 ^a ทศพร
รายการนี้ยังไม่มีแท็ก
คุณยังไม่ได้ล็อกอิน คุณสามารถมีกิจกรรมร่วมกับเว็บไซต์ได้ แต่ต้องล็อกอินก่อน ::
  ล็อกอิน

รายการสื่อสารสนเทศ

ลำดับที่ ประเภท เลขเรียก/บาร์โค้ด สถานที่ สถานะ
1. วิทยาศาสตร์การแพทย์ และสุขภาพ
วิทยาศาสตร์การแพทย์ และสุขภาพ
LB1027 ช851ก 2550  
  Barcode: 15251
ห้องสมุดวิทยาเขตสวรรค์ประชารักษ์
►หนังสือทั่วไป
บนชั้น

รายการใกล้เคียง
    ผู้แต่ง [ไชย ณ พล อัครศุภเศรษฐ์]

    หัวเรื่อง [นวัตกรรมทางเทคโนโลยี]

BibComment


ยังไม่เคยถูกคอมเมนท์

คอมเมนท์ทรัพยากรรายการนี้
  คอมเมนท์: การสร้างสรรค์นวั..


 Copyright 2026. Bcnsprnw @Library